000 00211 a2200097 4500
001 42330
100 _aZahid Hussain Anjum
245 _aIran
260 _a
_bSange-e-Meel Publications
_c
090 _c26271
_d26271
942 _aNUST-CAE
_cM
_c18082
999 _c277403
_d277403